Barclays Premiership Stadiums 2012/13 - Statistics

General Stats
  • This quiz has been taken 690 times
  • The average score is 14 of 20
Answer Stats
Club Stadium Manager % Correct
Arsenal Emirates Stadium Arsene Wenger
98%
Liverpool Anfield Brendan Rodgers
97%
Manchester United Old Trafford Sir Alex Ferguson
97%
Chelsea Stamford Bridge Rafael Benitez
96%
Aston Villa Villa Park Paul Lambert
88%
Everton Goodison Park David Moyes
85%
Tottenham Hotspur White Heart Lane Andre Villas-Boas
85%
Newcastle United St James Park Alan Pardew
84%
Fulham Craven Cottage Martin Jol
81%
Sunderland Stadium Of Light Martin O'Neill
79%
Southampton St Mary's Stadium Nigel Adkins
68%
West Ham United The Boleyn Ground Sam Allardyce
65%
Queens Park Rangers Loftus Road Harry Redknapp
63%
Norwich City Carrow Road Chris Hughton
61%
Manchester City City Of Manchester Stadium Roberto Mancini
55%
West Bromwich Albion The Hawthorns Steve Clarke
54%
Wigan Athletic DW Stadium Roberto Martinez
50%
Swansea City Liberty Stadium Michael Laudrup
47%
Stoke City Britannia Stadium Tony Pulis
46%
Reading Madejeski Stadium Brian McDermott
41%
No matching quizzes found
Score Distribution
Percent of People with Each Score
Percentile by Number Answered
Your Score History
You have not taken this quiz